The Environmental Impact Assessment (Scotland) Amendment Regulations 2006 (Record no. 78200)

MARC details
000 -LEADER
fixed length control field 01522cab a2200241 4500
001 - CONTROL NUMBER
control field L136216
008 - FIXED-LENGTH DATA ELEMENTS--GENERAL INFORMATION
fixed length control field 070117n 000 0 eng u
035 ## - SYSTEM CONTROL NUMBER
System control number (Sirsi) u136216
041 0# - LANGUAGE CODE
Language code of text/sound track or separate title eng
110 1# - MAIN ENTRY--CORPORATE NAME
Corporate name or jurisdiction name as entry element Scotland
Form subheading Laws, etc
245 04 - TITLE STATEMENT
Title The Environmental Impact Assessment (Scotland) Amendment Regulations 2006
Medium [electronic resource]
260 ## - PUBLICATION, DISTRIBUTION, ETC.
Place of publication, distribution, etc. London
Name of publisher, distributor, etc. OPSI $2 006
490 ## - SERIES STATEMENT
Series statement Scottish Statutory Instrument
Volume/sequential designation 2006: 614
520 ## - SUMMARY, ETC.
Summary, etc. Implement in Scotland the amendments made by Directive 2003/35/EC Art 3 with regard to public participation and access to justice to Directive 85/337/EEC. The following Regulations and Act are amended in the following Parts of the Regulations: Part II - The Environmental Impact Assessment (Scotland) Regulations 1999 ("the 1999 Regulations"); Part III - The Roads (Scotland) Act 1984; Part IV - The Environmental Impact Assessment (Fish Farming in Marine Waters) Regulations; and Part V - The Environmental Impact Assessment (Forestry) (Scotland) Regulations 1999.
590 ## - LOCAL NOTE (RLIN)
Local note KA
650 24 - SUBJECT ADDED ENTRY--TOPICAL TERM
Topical term or geographic name entry element THE ENVIRONMENTAL IMPACT ASSESSMENT (SCOTLAND) AMENDMENT REGULATIONS 2006
650 24 - SUBJECT ADDED ENTRY--TOPICAL TERM
Topical term or geographic name entry element DIRECTIVE 85/337/EEC
650 24 - SUBJECT ADDED ENTRY--TOPICAL TERM
Topical term or geographic name entry element DIRECTIVE 2003/35/EC ART 3
651 #4 - SUBJECT ADDED ENTRY--GEOGRAPHIC NAME
Geographic name Scotland
Chronological subdivision 1999-
690 ## - LOCAL SUBJECT ADDED ENTRY--TOPICAL TERM (OCLC, RLIN)
Topical term or geographic name as entry element ENVIRONMENTAL AND LAND CONSULTANCY-ENVIRONMENTAL MANAGEMENT-ENVIRONMENTAL ASSESSMENT-ENVIRONMENTAL IMPACT ASSESSMENT
856 40 - ELECTRONIC LOCATION AND ACCESS
Uniform Resource Identifier <a href="https://www.opsi.gov.uk/legislation/scotland/ssi2006/20060614.htm">https://www.opsi.gov.uk/legislation/scotland/ssi2006/20060614.htm</a>
Public note View the Statutory Instrument free of charge at www.opsi.gov.uk...
942 ## - ADDED ENTRY ELEMENTS (KOHA)
Suppress in OPAC 0
Holdings
Withdrawn status Lost status Source of classification or shelving scheme Damaged status Not for loan Home library Current library Shelving location Date acquired Total Checkouts Full call number Barcode Date last seen Copy number Price effective from Koha item type
    Dewey Decimal Classification     Virtual Virtual Online 17/01/2007   ONLINE PUBLICATION 136216-1001 06/08/2019 1 06/08/2019 Journal article